000 00442nam a2200193Ia 4500
001 12079
003 GE_BSU
008 181216s||||||||xx |||||||||||||| ||und||
040 _cGE_BSU
080 _a821.111-32
100 _aRoche,Mazo De La
245 _aCentenary at Jalna:Unabridged
260 _aLondon
260 _bPan Books LTD.
260 _c1958.
300 _a318p;18cm.
653 _aCentenary at Jalna:Unabridged
942 _cBK
999 _c45256
_d45256